LEADER 03196oam 2200637I 450 001 9910464347203321 005 20200520144314.0 010 $a1-315-83741-2 010 $a1-317-87380-7 024 7 $a10.4324/9781315837413 035 $a(CKB)3710000000186124 035 $a(EBL)1741923 035 $a(SSID)ssj0001374450 035 $a(PQKBManifestationID)11726445 035 $a(PQKBTitleCode)TC0001374450 035 $a(PQKBWorkID)11326758 035 $a(PQKB)10202524 035 $a(MiAaPQ)EBC1741923 035 $a(Au-PeEL)EBL1741923 035 $a(CaPaEBR)ebr10895172 035 $a(CaONFJC)MIL628198 035 $a(OCoLC)884016023 035 $a(OCoLC)958102093 035 $a(EXLCZ)993710000000186124 100 $a20180706e20131980 uy 0 101 0 $aeng 135 $aur|n|---||||| 181 $ctxt 182 $cc 183 $acr 200 10$aAtlas of rock-forming minerals in thin section /$fW.S. MacKenzie and C. Guilford 210 1$aLondon ;$aNew York :$cRoutledge,$d2013. 215 $a1 online resource (105 p.) 300 $a"First published 1980 by Pearson Education Limited"--T.p. verso. 311 $a1-138-12643-8 311 $a0-582-45591-X 327 $aCover; Title Page; Copyright Page; Table of Contents; Preface; Introduction; Birefringence chart; Olivine; Monticellite; Chondrodite; Zircon; Sphene; Garnet; Vesuvanite (Idocrase); Sillimanite; Mullite; Andalusite; Andalusite & Sillimanite intergrowth; Kyanite; Topaz; Staurolite; Chloritoid; Sapphirine; Eudialyte; Zoisite; Epidote; Piemontite; Allanite (Orthite); Lawsonite; Pumpellyite; Melilite; Cordierite; Tourmaline; Axinite; Orthopyroxene; Augite; Titanaugite; Clinopyroxene & Orthopyroxene intergrowth; Aegirine-augite; Jadeite; Wollastonite; Pectolite; Anthophyllite - Gedrite 327 $aCummingtonite - GruneriteTremolite - Ferroactinolite; Hornblende; Kaersutite; Glaucophane; Arfvedsonite; Aenigmatite; Astrophyllite; Lamprophyllite; Muscovite; Biotite; Stilpnomelane; Pyrophyllite; Talc; Chlorite; Serpentine; Prehnite; Microcline; Perthite & Microperthite; Sanidine; Anorthoclase; Plagioclase; Quartz; Myrmekite; Granophyric texture; Tridymite; Cristobalite; Nepheline; Sanidine & Nepheline; Leucite; Nosean; Cancrinite; Scapolite; Analcite; Corundum; Rutile; Perovskite; Spinel; Brucite; Calcite; Dolomite; Apatite; Fluorite; Deerite; Howieite; Zussmanite; Yoderite; Index 330 $a'Hurray for Mackenzie and Guilford for at last we have a pictorial guide to the rock-forming minerals! . . . such feasts of colour in mineralogy books are rare . . . an admirable guide'New Scientist 606 $aMinerals$vPictorial works 606 $aThin sections (Geology)$vPictorial works 606 $aRocks$vPictorial works 608 $aElectronic books. 615 0$aMinerals 615 0$aThin sections (Geology) 615 0$aRocks 676 $a549/.114 700 $aMacKenzie$b W. S.$062966 701 $aGuilford$b C$032617 801 0$bMiAaPQ 801 1$bMiAaPQ 801 2$bMiAaPQ 906 $aBOOK 912 $a9910464347203321 996 $aAtlas of rock-forming minerals in thin section$91400167 997 $aUNINA LEADER 03006nam 2200529 450 001 996466732903316 005 20220120155826.0 010 $a3-030-70777-6 024 7 $a10.1007/978-3-030-70777-4 035 $a(CKB)4100000011918909 035 $a(DE-He213)978-3-030-70777-4 035 $a(MiAaPQ)EBC6611793 035 $a(Au-PeEL)EBL6611793 035 $a(OCoLC)1252425868 035 $a(PPN)255881649 035 $a(EXLCZ)994100000011918909 100 $a20220120d2021 uy 0 101 0 $aeng 135 $aurnn|008mamaa 181 $ctxt$2rdacontent 182 $cc$2rdamedia 183 $acr$2rdacarrier 200 14$aThe Space shuttle $ean experiment flying machine : thirty years of challenges /$fBen Evans 205 $a1st ed. 2021. 210 1$aCham, Switzerland :$cSpringer,$d[2021] 210 4$dİ2021 215 $a1 online resource (XI, 291 p. 102 illus., 99 illus. in color.) 225 1 $aSpace Exploration 311 $a3-030-70776-8 320 $aIncludes bibliographical references and index. 327 $aList of Illustrations -- Preface -- Acknowledgements -- Chapter 1: A Butterfly and a Bullet -- Chapter 2: On the Ground -- Chapter 3: Blowing the Bolts -- Chapter 4: Riding the Main Engines -- Chapter 5: Big, Dumb Boosters -- Chapter 6: The External Tank -- Chapter 7: The Shuttle's Fragile Skin -- Chapter 8: The Short and the Long -- Chapter 9: Unexpected Failures -- Chapter 10: Sickness and Space Suits -- Chapter 11: Where to Land -- Index. . 330 $aThis book explains how the achievements of the Space Shuttle, the world?s first reusable manned spacecraft, were built on the foundation of countless technical challenges. Through thick and thin, the Space Shuttle remained the centerpiece of the American human spaceflight program for three decades. In addition to deploying satellites, planetary probes and, of course, the Hubble Space Telescope, it delivered astronauts to the Mir space station and assembled and sustained the International Space Station. Yet the path to these incredible achievements was never an easy one, with some obstacles resulting in the loss of life and other major consequences that plagued the fleet throughout its operational career. The book adopts a challenge-by-challenge approach, focusing on specific difficulties and how (if at all) they were fully overcome. Going beyond the technical issues, it relates the human stories of each incident and how changes were effected in order to make the shuttle an exceptionally safer ? though still experimental ? flying machine. 410 0$aSpace Exploration 606 $aAstronautics 606 $aSpace ships 607 $aUnited States 615 0$aAstronautics. 615 0$aSpace ships. 676 $a629.441 700 $aEvans$b Ben$f1976-$01075020 801 0$bMiAaPQ 801 1$bMiAaPQ 801 2$bMiAaPQ 906 $aBOOK 912 $a996466732903316 996 $aThe Space shuttle$92583176 997 $aUNISA